00836cam a2200217 a 450000100100000000500170001000800410002702000150006804000250008308200210010810000290012924500520015826000580021030000260026850000730029450400320036765000380039965000450043795201190048299900170060100001284620200929163103.0990802s1998 ck b 001 0 spa  a9586760596 aDO-SdBNPbspacBNPHU a343.86102bP397b1 aPenagos, Gustavo.92971914aLos bienes de uso público /cGustavo Penagos. aSantafe de Bogota :bEdiciones Doctrina y Ley,c1998. axxi, 571 p. ;c23 cm. aIncluye referencias bibliográficas y notas al pie de las páginas aBibliografía : p. 556-562 4aBienes públicozColombia929720 4aDerecho administrativozColombia.929370 001050718MOaGRbGRcHDd2009-11-17iLF1l0o343.86102 P397bp12846-10r2020-06-25w2020-06-25y1ZNo se presta c12494d12494